[Event "51 C.I.S. serie C/9"]
[Site "?"]
[Date "2019.03.16"]
[Round "2.2"]
[White "Magnani, Carlo"]
[Black "Trangoni, Bruno"]
[Result "0-1"]
[WhiteElo "1821"]
[BlackElo "1943"]
[PlyCount "102"]
[EventDate "2019.??.??"]
[WhiteTeam "Wasken Boys"]
[BlackTeam "Nono Risorto Venezia"]

1. e4 g6 2. d4 Bg7 3. Nf3 d6 4. Bc4 Nf6 5. Qe2 c6 6. O-O O-O 7. Re1 e6 8. Bg5
Qb6 9. Bb3 Re8 10. Nbd2 Qc7 11. e5 dxe5 12. Nxe5 Nbd7 13. Ndf3 h6 14. Bh4 a5
15. a4 b6 16. Qc4 c5 17. Rad1 Ba6 18. Qc3 Rac8 19. Nxd7 Nxd7 20. Bg3 Qb7 21.
Qe3 c4 22. Ba2 Nf6 23. Be5 Nd5 24. Qe4 Qd7 25. Bxg7 Kxg7 26. c3 Qxa4 27. Bb1
Nf6 28. Qe2 Qd7 29. Ne5 Qd5 30. Qc2 Bb7 31. f3 Nd7 32. Nxg6 Qg5 33. Ne5 Nf8 34.
Qf2 f6 35. Ng4 h5 36. Ne3 Ng6 37. g3 Nh4 38. Be4 Bxe4 39. fxe4 Ng6 40. Ng2 Rf8
41. Nf4 Rfe8 42. Qf3 Kh6 43. Kh1 Qg4 44. Qe3 Kh7 45. h3 Qg5 46. Qf3 Kh6 47. Rf1
Nf8 48. Ng2 Nh7 49. Qf4 Rg8 50. Kh2 e5 51. Qf5 Qxg3+ 0-1

[Event "51 C.I.S. serie C/9"]
[Site "?"]
[Date "2019.03.16"]
[Round "2.3"]
[White "Velluti, Alberto"]
[Black "Bonoldi, Fabio"]
[Result "1-0"]
[WhiteElo "1762"]
[BlackElo "1817"]
[PlyCount "113"]
[EventDate "2019.??.??"]
[WhiteTeam "Nono Risorto Venezia"]
[BlackTeam "Wasken Boys"]

1. e4 g6 2. d4 Bg7 3. Nf3 d6 4. Bc4 e6 5. O-O a6 6. c3 b5 7. Bb3 Bb7 8. Re1 Nd7
9. Bf4 Ne7 10. Nbd2 O-O 11. Nf1 h6 12. Qd2 Kh7 13. Bc2 e5 14. dxe5 Nxe5 15.
Nxe5 dxe5 16. Bg3 Nc6 17. Rad1 Qe7 18. Ne3 Rfd8 19. Nd5 Qf8 20. Qe2 Rac8 21.
Bh4 g5 22. Bg3 Ne7 23. Qf3 Kh8 24. h4 c6 25. Nf6 gxh4 26. Bxh4 Ng6 27. Bg3 Rxd1
28. Rxd1 Rd8 29. Ng4 Rxd1+ 30. Qxd1 Qe7 31. Ne3 Bc8 32. Bb3 Kg8 33. Qh5 Qg5 34.
Qd1 Qe7 35. Qf3 Be6 36. Nf5 Qf6 37. Nxh6+ Kf8 38. Qxf6 Bxf6 39. Bxe6 fxe6 40.
Ng4 Bg7 41. f3 Ke8 42. Nf2 Kd7 43. Nd3 a5 44. Kh2 Kd6 45. Kh3 c5 46. Kg4 c4 47.
Nf2 b4 48. Nd1 Bf6 49. Be1 Kc5 50. Bf2+ Kc6 51. Be3 Nh4 52. g3 Ng6 53. Kh5 Nf8
54. g4 Kb5 55. g5 Bg7 56. g6 a4 57. Bh6 1-0

[Event "51 C.I.S. serie C/9"]
[Site "?"]
[Date "2019.03.16"]
[Round "2.4"]
[White "Gorini, Michele"]
[Black "Pomaro, Stefano"]
[Result "1/2-1/2"]
[WhiteElo "1661"]
[BlackElo "1682"]
[PlyCount "106"]
[EventDate "2019.??.??"]
[WhiteTeam "Wasken Boys"]
[BlackTeam "Nono Risorto Venezia"]

1. Nf3 Nc6 2. c4 Nf6 3. Nc3 d6 4. d4 g6 5. Bg5 Bg7 6. Qc1 O-O 7. Bh6 e5 8. Bxg7
Kxg7 9. dxe5 dxe5 10. e3 Bf5 11. Be2 Qe7 12. a3 Na5 13. Nd2 Rfd8 14. b4 Rxd2
15. Qxd2 Nb3 16. Qb2 Nxa1 17. Qxa1 Rd8 18. O-O c6 19. Rd1 Rxd1+ 20. Qxd1 a5 21.
c5 Ne4 22. Nxe4 Bxe4 23. Bf1 Bd5 24. Qc2 axb4 25. axb4 f6 26. Bc4 Qe6 27. Bf1
Bb3 28. Qd2 Qd5 29. Qxd5 cxd5 30. Bb5 Kf7 31. c6 bxc6 32. Bxc6 Ke7 33. Kf1 Kd6
34. Ba8 Kc7 35. Ke1 Kb8 36. Bc6 Kc7 37. Be8 Kb6 38. Kd2 Bc4 39. Kc3 Bf1 40. g3
Be2 41. f4 g5 42. fxe5 fxe5 43. h4 h6 44. hxg5 hxg5 45. Bf7 Bf3 46. Bg6 Be2 47.
Bf7 Kc6 48. Be8+ Kd6 49. Ba4 Kc7 50. Be8 Kb6 51. Bf7 Bf3 52. Be8 Bg4 53. Bf7
Bf3 1/2-1/2

[Event "51 C.I.S. serie C/9"]
[Site "?"]
[Date "2019.03.16"]
[Round "3.2"]
[White "Zanirato, Stefano"]
[Black "Faccia, Sergio"]
[Result "1-0"]
[WhiteElo "1865"]
[BlackElo "1989"]
[PlyCount "121"]
[EventDate "2019.??.??"]
[WhiteTeam "Rovigo Scacchi"]
[BlackTeam "Cavalli Pazzi"]

1. e4 e5 2. Nf3 Nc6 3. d4 exd4 4. Bc4 Nf6 5. O-O Bc5 6. e5 d5 7. exf6 dxc4 8.
fxg7 Rg8 9. Bg5 Qd5 10. Nc3 Qf5 11. Ne4 Rxg7 12. Nxc5 Qxc5 13. Re1+ Be6 14. Bf6
Rg6 15. Bxd4 Qd5 16. Bc3 O-O-O 17. Qxd5 Bxd5 18. Re3 Rdg8 19. g3 b5 20. a3 h5
21. Rd1 Be6 22. Nh4 Rg4 23. Kf1 Rd8 24. Rxd8+ Kxd8 25. f3 Rg8 26. Kf2 a6 27.
Ng2 Kd7 28. Nf4 Rg5 29. Nxe6 fxe6 30. f4 Rd5 31. Ke2 Ke7 32. h3 Kf7 33. g4 hxg4
34. hxg4 Nd4+ 35. Bxd4 Rxd4 36. Kf3 Rd2 37. Re2 Rd1 38. Ke4 Rb1 39. c3 Rd1 40.
g5 a5 41. Kf3 Rd5 42. Kg4 c5 43. Kh5 Rf5 44. Kg4 Rd5 45. Rh2 b4 46. Rh7+ Kg6
47. Re7 Rd2 48. Rxe6+ Kf7 49. Rc6 Rxb2 50. cxb4 cxb4 51. Rxc4 b3 52. Rc7+ Kf8
53. Rb7 a4 54. Rb4 Rb1 55. Kf5 Rc1 56. Rb6 Rc4 57. Ke5 Rc2 58. Kf6 Ke8 59. g6
b2 60. g7 Rg2 61. Rxb2 1-0

[Event "51 C.I.S. serie C/9"]
[Site "?"]
[Date "2019.03.16"]
[Round "3.3"]
[White "Malni, Riccardo"]
[Black "Minei, Giovanni"]
[Result "1-0"]
[WhiteElo "1965"]
[BlackElo "1598"]
[PlyCount "79"]
[EventDate "2019.??.??"]
[WhiteTeam "Cavalli Pazzi"]
[BlackTeam "Rovigo Scacchi"]

1. Nf3 Nf6 2. g3 c6 3. Bg2 d5 4. O-O Bf5 5. d3 Nbd7 6. Nh4 Bg6 7. f4 Qb6+ 8. e3
e6 9. h3 Bd6 10. Nc3 O-O-O 11. b3 Nh5 12. Kh2 f5 13. Na4 Qc7 14. Rb1 Bf7 15.
Nf3 h6 16. d4 g5 17. Ne5 Nxe5 18. dxe5 Be7 19. b4 a6 20. Qd4 Kb8 21. Bd2 Ng7
22. Nc5 Ne8 23. Rb2 Ka8 24. Rfb1 Qb6 25. Bf1 Nc7 26. Nxe6 c5 27. Nxc7+ Qxc7 28.
bxc5 Bxc5 29. Qd3 Rb8 30. Qxf5 d4 31. exd4 Bxd4 32. c3 Bc5 33. Qe4 Rhg8 34. f5
Ba3 35. Rb6 Rbd8 36. Rxa6+ Kb8 37. Be3 Bd5 38. Qa4 Qxc3 39. Ra8+ Kc7 40. Bb6#
1-0

[Event "51 C.I.S. serie C/9"]
[Site "?"]
[Date "2019.03.16"]
[Round "3.4"]
[White "Miotto, Enrico"]
[Black "Steccanella, Willi"]
[Result "0-1"]
[WhiteElo "1497"]
[BlackElo "1861"]
[PlyCount "128"]
[EventDate "2019.??.??"]
[WhiteTeam "Rovigo Scacchi"]
[BlackTeam "Cavalli Pazzi"]

1. e4 Nf6 2. e5 Nd5 3. d4 d6 4. Nf3 Nc6 5. Bb5 Bd7 6. O-O e6 7. Re1 Be7 8. c4
Nb6 9. Nc3 dxe5 10. Bxc6 Bxc6 11. Nxe5 O-O 12. Qg4 Bf6 13. b3 Nc8 14. Ne2 Ne7
15. Ng3 Ng6 16. Nh5 Be7 17. Be3 Be8 18. Nxg6 hxg6 19. Nf4 Bf6 20. Nh3 Bd7 21.
Ng5 e5 22. Qh4 Bxg5 23. Bxg5 f6 24. Be3 Qe8 25. dxe5 Qxe5 26. Bf4 Qc5 27. Qg3
Rac8 28. Qxg6 Qf5 29. Qxf5 Bxf5 30. Re7 Rf7 31. Rae1 Kf8 32. Rxf7+ Kxf7 33. g3
c5 34. Kg2 Rc6 35. Kf3 Re6 36. Rxe6 Kxe6 37. g4 Bb1 38. a3 Ba2 39. Be3 Kd6 40.
b4 b6 41. bxc5+ bxc5 42. h4 Bxc4 43. g5 fxg5 44. hxg5 Bd3 45. Kg4 a6 46. f4 g6
47. Bd2 Kd5 48. Bc3 Kc4 49. Bd2 Kb3 50. Kf3 Kxa3 51. Ke3 Bf5 52. Bc3 Ka4 53.
Kd2 Kb3 54. Ba5 Kc4 55. Bc7 Kb4 56. Be5 a5 57. Bc3+ Kb5 58. Kc1 a4 59. Kb2 Kc4
60. Be1 Kd3 61. Ba5 c4 62. Be1 a3+ 63. Kxa3 c3 64. Kb3 Be6+ 0-1

[Event "51 C.I.S. serie C/9"]
[Site "?"]
[Date "2019.03.16"]
[Round "3.1"]
[White "De Napoli, Giuseppe"]
[Black "Guarnieri, Matteo"]
[Result "1-0"]
[WhiteElo "2011"]
[BlackElo "1964"]
[PlyCount "63"]
[EventDate "2019.??.??"]
[WhiteTeam "Vicenza 2"]
[BlackTeam "Nono Risorto Venezia"]

1. d4 Nf6 2. Bf4 d5 3. e3 Bf5 4. c4 c6 5. Nc3 e6 6. Qb3 Qb6 7. c5 Qxb3 8. axb3
Nbd7 9. h3 a6 10. Nf3 h6 11. b4 Rc8 12. Nd2 Be7 13. Nb3 Bd8 14. Bd6 Ne4 15.
Nxe4 Bxe4 16. f3 Bc2 17. Na5 Bxa5 18. bxa5 Kd8 19. Kd2 Bg6 20. Ra4 Ra8 21. Rb4
Ra7 22. Be2 f6 23. Ra1 Re8 24. Ra3 Bh7 25. Rab3 Kc8 26. Rxb7 Rxb7 27. Bxa6 Nb8
28. Bxb7+ Kd7 29. a6 Nxa6 30. Bxa6 Ra8 31. Rb7+ Kc8 32. Rb8+ 1-0

[Event "51 C.I.S. serie C/9"]
[Site "?"]
[Date "2019.03.16"]
[Round "3.2"]
[White "Trangoni, Bruno"]
[Black "Giuriato, Sergio"]
[Result "0-1"]
[WhiteElo "1943"]
[BlackElo "1890"]
[PlyCount "48"]
[EventDate "2019.??.??"]
[WhiteTeam "Nono Risorto Venezia"]
[BlackTeam "Vicenza 2"]

1. Nf3 d5 2. d4 Nf6 3. Bf4 e6 4. e3 Be7 5. h3 O-O 6. Bd3 c5 7. c3 b6 8. Nbd2
Bb7 9. O-O Nbd7 10. Rc1 Ne4 11. Bb1 f5 12. Ne5 Nxe5 13. Bxe5 Nxd2 14. Qxd2 Bd6
15. f4 Bxe5 16. fxe5 Qe7 17. Kh2 g6 18. Bd3 Kg7 19. Rg1 Rf7 20. g4 fxg4 21.
Rxg4 Raf8 22. Rg2 Qh4 23. Rcg1 Rf2 24. Qe1 R8f3 0-1

[Event "51 C.I.S serie C/9"]
[Site "?"]
[Date "2019.03.16"]
[Round "3.3"]
[White "Curti, Carlo"]
[Black "Velluti, Alberto"]
[Result "1/2-1/2"]
[WhiteElo "1949"]
[BlackElo "1762"]
[PlyCount "79"]
[EventDate "2019.??.??"]
[WhiteTeam "Vicenza 2"]
[BlackTeam "Nono Risorto Venezia"]

1. d4 d5 2. Bf4 Nf6 3. e3 Bf5 4. c4 c6 5. Nc3 e6 6. Qb3 Qb6 7. c5 Qxb3 8. axb3
Nbd7 9. Nf3 Nh5 10. Be5 Nxe5 11. Nxe5 f6 12. Nf3 g5 13. h3 Ng7 14. g4 Bg6 15.
h4 gxh4 16. Nxh4 Kf7 17. Nxg6 Kxg6 18. Bd3+ f5 19. f4 h5 20. gxh5+ Rxh5 21. Kf2
Be7 22. Rag1+ Kf6 23. Be2 Rxh1 24. Rxh1 Kg6 25. Rg1+ Kf7 26. Rh1 Rg8 27. b4 a6
28. Nb1 Kg6 29. Rg1+ Kf7 30. Rh1 Ne8 31. Bh5+ Kf8 32. Bxe8 Kxe8 33. Nd2 Bf6 34.
Nf3 Rh8 35. Rxh8+ Bxh8 36. Ng5 Ke7 37. Kg3 Kf6 38. Nh7+ Kg7 39. Ng5 Kf6 40.
Nh7+ 1/2-1/2

[Event "51 C.I.S serie C/9"]
[Site "?"]
[Date "2019.03.16"]
[Round "3.4"]
[White "Pomaro, Stefano"]
[Black "Zanotto, Enrico"]
[Result "0-1"]
[WhiteElo "1682"]
[BlackElo "1906"]
[PlyCount "62"]
[EventDate "2019.??.??"]
[WhiteTeam "Nono Risorto Venezia"]
[BlackTeam "Vicenza 2"]

1. Nf3 g6 2. g3 Bg7 3. Bg2 Nf6 4. O-O c5 5. d3 Nc6 6. e4 d6 7. Nbd2 O-O 8. a4
a6 9. Nc4 Nd7 10. Bd2 Rb8 11. c3 b5 12. axb5 axb5 13. Na3 Qb6 14. Rb1 Nde5 15.
Nxe5 Nxe5 16. Bf4 Nc6 17. Be3 b4 18. Nc4 Qc7 19. Qd2 Rd8 20. Rfd1 Ba6 21. h4
Bxc4 22. dxc4 bxc3 23. bxc3 Qa5 24. Qd5 Ne5 25. Bg5 Rxb1 26. Rxb1 Qa2 27. Rb7
Qa1+ 28. Bf1 e6 29. Qxd6 Rxd6 30. Rb8+ Bf8 31. Be7 Nd7 0-1

[Event "51 C.I.S. serie C/9"]
[Site "?"]
[Date "2019.03.17"]
[Round "4.1"]
[White "Zanirato, Stefano"]
[Black "Guarnieri, Matteo"]
[Result "0-1"]
[WhiteElo "1865"]
[BlackElo "1964"]
[PlyCount "116"]
[EventDate "2019.??.??"]
[WhiteTeam "Rovigo Scacchi"]
[BlackTeam "Nono Risorto Venezia"]

1. e4 c5 2. Nf3 a6 3. a4 d6 4. h3 Nf6 5. Nc3 Nc6 6. Bc4 e6 7. O-O Be7 8. d3 O-O
9. Bg5 Qc7 10. Qe2 Nd4 11. Nxd4 cxd4 12. e5 dxe5 13. Ne4 Nd5 14. Bxe7 Qxe7 15.
Nd2 Qd6 16. Rfe1 f6 17. g3 b6 18. Ne4 Qc7 19. c3 dxc3 20. Nxc3 Qd7 21. Kh2 Re8
22. f4 Nxc3 23. bxc3 exf4 24. gxf4 Qc7 25. Qg4 Kh8 26. Qg3 Bb7 27. Re3 Bd5 28.
Bxd5 exd5 29. Rae1 Rxe3 30. Qxe3 h6 31. Qd4 b5 32. axb5 axb5 33. Kg3 Qd6 34.
Rb1 Ra4 35. Rb4 Rxb4 36. cxb4 Qe6 37. Kf2 Qf5 38. Qe3 Qd7 39. Qc5 d4 40. f5 Kg8
41. Kf3 Qb7+ 42. Kg3 Qd7 43. Kf4 Kf7 44. Ke4 g6 45. fxg6+ Kxg6 46. Qxd4 Qf5+
47. Ke3 Qxh3+ 48. Kd2 Qh2+ 49. Kd1 Qe5 50. Qg4+ Qg5 51. Qe4+ Kh5 52. Qe8+ Kh4
53. Qe1+ Qg3 54. Qd2 h5 55. d4 Qf3+ 56. Ke1 Qh1+ 57. Ke2 Qg2+ 58. Ke1 Qxd2+ 0-1

[Event "51 C.I.S. serie C/9"]
[Site "?"]
[Date "2019.03.17"]
[Round "4.2"]
[White "Trangoni, Bruno"]
[Black "Pento, Carlo"]
[Result "1-0"]
[WhiteElo "1943"]
[BlackElo "1835"]
[PlyCount "73"]
[EventDate "2019.??.??"]
[WhiteTeam "Nono Risorto Venezia"]
[BlackTeam "Rovigo Scacchi"]

1. Nf3 Nc6 2. d4 d5 3. Bf4 Nf6 4. e3 e6 5. c3 Bd6 6. Ne5 Ne7 7. Bd3 O-O 8. Nd2
Ng6 9. Bg3 b6 10. O-O Bb7 11. Nxg6 hxg6 12. Bh4 Be7 13. Nf3 Rc8 14. Ne5 Nd7 15.
Bxe7 Qxe7 16. f4 Nxe5 17. fxe5 Bc6 18. Qg4 Be8 19. Rf3 c5 20. Raf1 a6 21. Bxg6
cxd4 22. exd4 Rc6 23. Bd3 Rc7 24. Rf6 Bb5 25. Bxb5 axb5 26. R1f3 g6 27. Rh3 Kg7
28. Qh4 Rg8 29. Qh7+ Kf8 30. Rhf3 Rg7 31. Qh8+ Rg8 32. Qh6+ Ke8 33. Qh7 Qf8 34.
Rxe6+ Re7 35. Rxb6 Rg7 36. Rb8+ Kd7 37. Qh3+ 1-0

[Event "51 C.I.S serie C/9"]
[Site "?"]
[Date "2019.03.17"]
[Round "4.3"]
[White "Minei, Giovanni"]
[Black "Velluti, Alberto"]
[Result "0-1"]
[WhiteElo "1598"]
[BlackElo "1762"]
[PlyCount "64"]
[EventDate "2019.??.??"]
[WhiteTeam "Rovigo Scacchi"]
[BlackTeam "Nono Risorto Venezia"]

1. Nf3 d5 2. d4 Nf6 3. e3 Bg4 4. c4 c6 5. Nc3 Nbd7 6. b3 e5 7. h3 exd4 8. exd4
Bb4 9. Qd3 Qe7+ 10. Be2 Bf5 11. Qxf5 Bxc3+ 12. Bd2 Bxa1 13. O-O Bb2 14. cxd5
cxd5 15. Bb5 O-O 16. Re1 Qd8 17. Bb4 Re8 18. Ne5 Qb6 19. Bxd7 Qxb4 20. Re3 Re7
21. Rg3 Nxd7 22. Nxd7 Qxd4 23. Rg4 Qd1+ 24. Kh2 Rae8 25. Qh5 Re1 26. b4 Rh1+
27. Kg3 Qd3+ 28. f3 Bc3 29. Rf4 Be1+ 30. Kg4 Qg6+ 31. Qxg6 hxg6 32. Rd4 Rg1 0-1

[Event "51 C.I.S serie C/9"]
[Site "?"]
[Date "2019.03.17"]
[Round "4.4"]
[White "Pomaro, Stefano"]
[Black "Cervati, Michele"]
[Result "0-1"]
[WhiteElo "1682"]
[BlackElo "1729"]
[PlyCount "96"]
[EventDate "2019.??.??"]
[WhiteTeam "Nono Risorto Venezia"]
[BlackTeam "Rovigo Scacchi"]

1. Nf3 e6 2. d3 d5 3. Nbd2 c5 4. e4 Nc6 5. g3 Nf6 6. Bg2 g6 7. O-O Bg7 8. Re1
O-O 9. c3 d4 10. c4 e5 11. Nf1 Bd7 12. Nh4 Ne8 13. Bf3 Qc8 14. Bg2 Nd6 15. f4
f6 16. Nf3 a6 17. Rb1 b5 18. b3 Rb8 19. Ba3 b4 20. Bc1 a5 21. h4 Re8 22. h5 f5
23. Nh4 fxe4 24. hxg6 h6 25. dxe4 Bg4 26. Qd3 exf4 27. gxf4 Qd8 28. Nf3 Qd7 29.
Bd2 Nxe4 30. Ne5 Nxe5 31. fxe5 Nxd2 32. Qxd2 Bf5 33. Bd5+ Be6 34. Bg2 Bf5 35.
Bd5+ Be6 36. Bg2 a4 37. Ng3 axb3 38. axb3 Qc7 39. Nh5 Rf8 40. Nf6+ Bxf6 41.
exf6 Rxf6 42. Qxh6 Qg7 43. Qxg7+ Kxg7 44. Re5 Rxg6 45. Rxc5 Bh3 46. Rb2 Rd8 47.
Rh5 Bxg2 48. Rxg2 d3 0-1

[Event "51 C.I.S. serie C/9"]
[Site "?"]
[Date "2019.03.17"]
[Round "4.1"]
[White "Carli, Carlo"]
[Black "Tagliaferri, Valerio"]
[Result "1/2-1/2"]
[WhiteElo "2105"]
[BlackElo "1854"]
[PlyCount "94"]
[EventDate "2019.??.??"]
[WhiteTeam "Cavalli Pazzi"]
[BlackTeam "Wasken Boys"]

1. Nf3 d5 2. g3 Nf6 3. Bg2 Bf5 4. d3 e6 5. Nh4 Bg6 6. Nd2 Be7 7. O-O Nbd7 8.
Nxg6 hxg6 9. e4 c6 10. Re1 Qc7 11. Nf3 dxe4 12. dxe4 e5 13. Qe2 O-O 14. a4 a5
15. Bd2 Rad8 16. Bc3 Bb4 17. Bxb4 axb4 18. Qc4 c5 19. Nh4 Nb6 20. Qb3 Kh8 21.
a5 Nc8 22. Nf3 Ne7 23. Qc4 Nc8 24. Qb3 Kg8 25. a6 bxa6 26. Rxa6 Rd6 27. Rxd6
Qxd6 28. Bf1 Nb6 29. Qd3 Qxd3 30. cxd3 Nfd7 31. Ra1 Ra8 32. Rxa8+ Nxa8 33. Nd2
Nab6 34. Bh3 Nb8 35. f4 Nc6 36. Kf2 Kf8 37. Ke3 exf4+ 38. gxf4 Ke7 39. e5 g5
40. Bg2 gxf4+ 41. Kxf4 Nd4 42. Ke4 Ne6 43. h4 Nd8 44. Nc4 Nxc4 45. dxc4 Ne6 46.
Bh3 Nc7 47. Bg4 Ke8 1/2-1/2

[Event "51 C.I.S. serie C/9"]
[Site "?"]
[Date "2019.03.17"]
[Round "4.2"]
[White "Magnani, Carlo"]
[Black "Faccia, Sergio"]
[Result "1-0"]
[WhiteElo "1821"]
[BlackElo "1989"]
[PlyCount "27"]
[EventDate "2019.??.??"]
[WhiteTeam "Wasken Boys"]
[BlackTeam "Cavalli Pazzi"]

1. e4 e5 2. Nf3 Nc6 3. d4 exd4 4. Nxd4 Nf6 5. Nc3 Bb4 6. Nxc6 bxc6 7. Bd3 h6 8.
O-O O-O 9. e5 Bxc3 10. bxc3 Ne8 11. Qh5 Qe7 12. Bxh6 gxh6 13. Qxh6 f5 14. Bc4+
1-0

[Event "51 C.I.S. serie C/9"]
[Site "?"]
[Date "2019.03.17"]
[Round "4.3"]
[White "Molinaroli, Giacomo"]
[Black "Bonoldi, Fabio"]
[Result "1-0"]
[WhiteElo "1877"]
[BlackElo "1817"]
[PlyCount "83"]
[EventDate "2019.??.??"]
[WhiteTeam "Cavalli Pazzi"]
[BlackTeam "Wasken Boys"]

1. e4 g6 2. d4 Bg7 3. Nc3 d6 4. f4 a6 5. Nf3 b5 6. Bd3 Bb7 7. O-O Nd7 8. e5 e6
9. d5 Nc5 10. dxe6 Nxe6 11. a4 b4 12. Ne4 d5 13. Ng3 Nh6 14. c3 Qe7 15. f5 Nxf5
16. Bxf5 gxf5 17. Nxf5 Qf8 18. Ng5 O-O-O 19. Nxf7 Qe8 20. Nxg7 Nxg7 21. Nxd8
Kxd8 22. Qg4 Ne6 23. Rf6 Bc8 24. Bg5 Nxg5 25. Qxg5 Qe7 26. Raf1 Re8 27. Re1
bxc3 28. bxc3 Bb7 29. Qf4 Rg8 30. Rf7 Qc5+ 31. Qd4 Qa3 32. Qb4 Qxb4 33. cxb4
Bc6 34. Rc1 Bd7 35. b5 axb5 36. axb5 h5 37. Rc5 Be6 38. Rfxc7 Rg5 39. b6 Rxe5
40. b7 Re1+ 41. Kf2 Rb1 42. Rc8+ 1-0

[Event "51 C.I.S. serie C/9"]
[Site "?"]
[Date "2019.03.17"]
[Round "4.4"]
[White "Gorini, Michele"]
[Black "Steccanella, Willi"]
[Result "0-1"]
[WhiteElo "1661"]
[BlackElo "1861"]
[PlyCount "64"]
[EventDate "2019.??.??"]
[WhiteTeam "Wasken Boys"]
[BlackTeam "Cavalli Pazzi"]

1. Nf3 f5 2. b3 Nf6 3. c4 g6 4. Bb2 Bg7 5. d4 d6 6. Nbd2 O-O 7. g3 c6 8. Bg2
Nbd7 9. Ng5 Nb6 10. O-O h6 11. Ngf3 Qe8 12. Re1 Qf7 13. Qc2 d5 14. Ne5 Qe8 15.
Ndf3 g5 16. Nd2 Be6 17. c5 Nbd7 18. Nxd7 Nxd7 19. e3 f4 20. exf4 Bf5 21. Qd1
Nxc5 22. g4 Nd3 23. gxf5 Nxb2 24. Rb1 Nxd1 25. Rbxd1 Rxf5 26. fxg5 Bxd4 27. Nf3
Bb6 28. Re6 Qf7 29. Rde1 hxg5 30. Rxe7 Rxf3 31. Rxf7 Rxf7 32. Re2 Raf8 0-1

[Event "51 C.I.S. serie C/9"]
[Site "?"]
[Date "2019.03.17"]
[Round "5.2"]
[White "Zanirato, Stefano"]
[Black "Magnani, Carlo"]
[Result "1-0"]
[WhiteElo "1865"]
[BlackElo "1821"]
[PlyCount "89"]
[EventDate "2019.??.??"]
[WhiteTeam "Rovigo Scacchi"]
[BlackTeam "Wasken Boys"]

1. e4 c5 2. Nf3 e6 3. c3 d5 4. Bb5+ Nc6 5. exd5 exd5 6. O-O Nf6 7. Ne5 Bd7 8.
Nxd7 Qxd7 9. d3 Be7 10. Nd2 O-O 11. Nf3 Rfe8 12. Bf4 Bd6 13. Bxd6 Qxd6 14. Qa4
Rec8 15. Rfe1 a6 16. Bxc6 Rxc6 17. Re2 Rcc8 18. Rae1 b5 19. Qh4 Re8 20. Ne5 Re6
21. f4 Rae8 22. g4 h6 23. Qg3 Nd7 24. Kf2 f6 25. Nxd7 Qxd7 26. f5 Rxe2+ 27.
Rxe2 Rxe2+ 28. Kxe2 Qe7+ 29. Kd2 Qe5 30. Qxe5 fxe5 31. b3 Kf7 32. Ke3 Ke7 33.
c4 Kd6 34. h4 bxc4 35. bxc4 a5 36. g5 a4 37. a3 hxg5 38. hxg5 dxc4 39. dxc4 Ke7
40. Ke4 Kd6 41. g6 Kd7 42. Kxe5 Ke7 43. f6+ gxf6+ 44. Kf5 Kf8 45. Kxf6 1-0

[Event "51 C.I.S. serie C/9"]
[Site "?"]
[Date "2019.03.17"]
[Round "5.3"]
[White "Bonoldi, Fabio"]
[Black "Pento, Carlo"]
[Result "0-1"]
[WhiteElo "1817"]
[BlackElo "1835"]
[PlyCount "74"]
[EventDate "2019.??.??"]
[WhiteTeam "Wasken Boys"]
[BlackTeam "Rovigo Scacchi"]

1. c4 e5 2. g3 Nc6 3. Bg2 Bc5 4. e3 Nge7 5. Ne2 d6 6. a3 a6 7. O-O Rb8 8. b4
Ba7 9. Bb2 Be6 10. d3 Qd7 11. Nbc3 Bh3 12. b5 Bxg2 13. Kxg2 axb5 14. cxb5 Nd8
15. a4 Ne6 16. Ng1 O-O 17. Qe2 Ng6 18. Rfc1 Ra8 19. Nf3 Nc5 20. Ra3 Rae8 21.
Qc2 f5 22. d4 exd4 23. exd4 Ne6 24. Nd5 Bb8 25. h4 f4 26. h5 fxg3 27. fxg3 Ne7
28. Nxe7+ Rxe7 29. Rf1 h6 30. Bc1 Ba7 31. Qd3 Ref7 32. a5 Nxd4 33. Bf4 Rxf4 34.
gxf4 Qg4+ 35. Kh2 Qxf4+ 36. Kh1 Rf5 37. Nxd4 Rxh5+ 0-1

[Event "51 C.I.S. serie C/9"]
[Site "?"]
[Date "2019.03.17"]
[Round "5.4"]
[White "Cervati, Michele"]
[Black "Gorini, Michele"]
[Result "0-1"]
[WhiteElo "1729"]
[BlackElo "1661"]
[PlyCount "110"]
[EventDate "2019.??.??"]
[WhiteTeam "Rovigo Scacchi"]
[BlackTeam "Wasken Boys"]

1. e4 b6 2. d4 Bb7 3. Nc3 e6 4. Nf3 Bb4 5. Bd3 Nf6 6. Bg5 h6 7. Bxf6 Qxf6 8. a3
Bxc3+ 9. bxc3 c5 10. Qd2 O-O 11. O-O Ba6 12. Rfe1 Bxd3 13. cxd3 cxd4 14. Nxd4
Qe5 15. f4 Qc5 16. Re3 d5 17. e5 Rc8 18. Ne2 Nd7 19. d4 Qe7 20. Rg3 f5 21. exf6
Qxf6 22. Qd3 Qf5 23. Qxf5 exf5 24. Re1 Nf6 25. Re3 Ne4 26. g3 Rc4 27. Rb1 Kf7
28. Kg2 Rac8 29. Rc1 h5 30. h3 b5 31. Kf3 a5 32. g4 g6 33. gxh5 gxh5 34. Ng3
Nxg3 35. Kxg3 b4 36. axb4 axb4 37. Re5 Rxc3+ 38. Rxc3 Rxc3+ 39. Kh4 Kf6 40.
Rxd5 b3 41. Rd6+ Ke7 42. Rb6 Rd3 43. Kxh5 Rxd4 44. Kg5 Rd3 45. h4 Rh3 46. h5
Kf7 47. h6 Ke7 48. Rb7+ Ke6 49. Kg6 Rg3+ 50. Kh7 Kd5 51. Rg7 Rg4 52. Kg8 b2 53.
h7 Rxg7+ 54. Kxg7 b1=Q 55. h8=Q Qb2+ 0-1

[Event "51 C.I.S. serie C/9"]
[Site "?"]
[Date "2019.03.17"]
[Round "5.1"]
[White "Giuriato, Sergio"]
[Black "Carli, Carlo"]
[Result "0-1"]
[WhiteElo "1890"]
[BlackElo "2105"]
[PlyCount "88"]
[EventDate "2019.??.??"]
[WhiteTeam "Vicenza 2"]
[BlackTeam "Cavalli Pazzi"]

1. d4 d5 2. c4 e6 3. Nc3 Nf6 4. Bg5 Be7 5. e3 a6 6. Nf3 dxc4 7. Bxc4 b5 8. Bd3
Bb7 9. O-O Nbd7 10. Qe2 c5 11. Rad1 cxd4 12. exd4 O-O 13. Ne5 Re8 14. Rfe1 Nf8
15. h4 Qb6 16. h5 Qd8 17. Bc1 b4 18. Ne4 Nxe4 19. Bxe4 Bxe4 20. Qxe4 Nd7 21. d5
Nf6 22. Qf3 exd5 23. h6 Bf8 24. hxg7 Bxg7 25. Nc6 Qd6 26. Nd4 Rxe1+ 27. Rxe1
Re8 28. Rxe8+ Nxe8 29. Nf5 Qe5 30. Be3 Qe4 31. Qh5 d4 32. Nh6+ Bxh6 33. Bxh6
Qg6 34. Qxg6+ fxg6 35. Kf1 Kf7 36. Ke2 Ke6 37. Kd3 Kd5 38. b3 Nc7 39. g4 Ne6
40. f4 Nc5+ 41. Ke2 a5 42. f5 gxf5 43. gxf5 Ne4 44. Bg7 Ng3+ 0-1

[Event "51 C.I.S. serie C/9"]
[Site "?"]
[Date "2019.03.17"]
[Round "5.2"]
[White "Faccia, Sergio"]
[Black "Curti, Carlo"]
[Result "1/2-1/2"]
[WhiteElo "1989"]
[BlackElo "1949"]
[PlyCount "81"]
[EventDate "2019.??.??"]
[WhiteTeam "Cavalli Pazzi"]
[BlackTeam "Vicenza 2"]

1. e4 c5 2. b4 cxb4 3. Bb2 d5 4. exd5 Nf6 5. Nf3 Nxd5 6. a3 bxa3 7. Nxa3 Nc6 8.
Bc4 Bg4 9. O-O e6 10. Qe2 Nf6 11. h3 Bh5 12. g4 Bg6 13. d4 Nd5 14. Rfe1 Be7 15.
Bxd5 exd5 16. Ne5 Nxe5 17. Qxe5 Kf8 18. Nb5 a6 19. Nc7 Rc8 20. Nxd5 Bd6 21. Ba3
Bxa3 22. Rxa3 f6 23. Qe7+ Qxe7 24. Nxe7 Rc7 25. Nxg6+ hxg6 26. Rae3 Kf7 27. c4
Rhc8 28. d5 Rd7 29. Re4 b5 30. cxb5 axb5 31. Rd4 Rcd8 32. Red1 Ke7 33. Kg2 b4
34. Re4+ Kf7 35. Rxb4 Rxd5 36. Rb7+ Kg8 37. Rc1 R5d7 38. Rcc7 Rxc7 39. Rxc7 g5
40. Kg3 Rd3+ 41. f3 1/2-1/2

[Event "51 C.I.S. serie C/9"]
[Site "?"]
[Date "2019.03.17"]
[Round "5.3"]
[White "Valentini, Pietro"]
[Black "Molinaroli, Giacomo"]
[Result "0-1"]
[WhiteElo "1795"]
[BlackElo "1877"]
[PlyCount "74"]
[EventDate "2019.??.??"]
[WhiteTeam "Vicenza 2"]
[BlackTeam "Cavalli Pazzi"]

1. d4 d5 2. Bf4 Nf6 3. e3 c5 4. c3 Nc6 5. Bd3 g6 6. h3 Bg7 7. Nf3 Qb6 8. Qc1
O-O 9. Nbd2 Nd7 10. O-O e5 11. dxe5 Ndxe5 12. Be2 Bf5 13. Nxe5 Nxe5 14. Nf3 Nc6
15. Rd1 Rad8 16. Bd3 Be6 17. Rb1 d4 18. exd4 cxd4 19. Bh6 Bxa2 20. Bxg7 Kxg7
21. Ra1 Bd5 22. Nxd4 Nxd4 23. cxd4 Bb3 24. Re1 Rxd4 25. Qe3 Rfd8 26. Bf1 a6 27.
Ra3 Rb4 28. Qe5+ f6 29. Qc3 Bf7 30. Re3 Rxb2 31. Rf3 Rd1 32. Ra4 Rbb1 33. Raf4
Rxf1+ 34. Kh2 Qd6 35. g4 Rh1+ 36. Kg3 Rbg1+ 37. Kh4 g5# 0-1